| 000 | 00607nam a2200229Ia 4500 | ||
|---|---|---|---|
| 003 | OSt | ||
| 005 | 20221007100810.0 | ||
| 006 | a|||||r|||| 00| 0 | ||
| 007 | ta | ||
| 008 | 221006b |||||||| |||| 00| 0 eng d | ||
| 024 | _a5,178 | ||
| 037 | _cTextual | ||
| 040 |
_aLCO _cLCO _beng |
||
| 041 |
_2eng _aeng |
||
| 082 | _aZ2,21,3KN62, L2 | ||
| 100 | _aGOPAL S | ||
| 245 | 0 | _aAll India control of rent & eviction cases | |
| 260 |
_aDelhi _bE.B.Company _c1972 |
||
| 650 |
_aRENT CONTROL LAW _9702121 |
||
| 942 |
_hZ2,21,3KN62, L2 _cTEXL |
||
| 999 |
_c1174741 _d1174741 |
||